[Event "Mendrisio op 25th"]
[Site "Mendrisio"]
[Date "2021.09.12"]
[Round "4"]
[White "Rohrer, Christophe"]
[Black "Chatalbashev, Boris"]
[Result "0-1"]
[WhiteElo "2230"]
[BlackElo "2530"]
[PlyCount "84"]
[EventDate "2021.09.10"]
[EventType "swiss"]
[EventRounds "5"]
[EventCountry "SUI"]
[SourceTitle "EXT 2022"]
[Source "ChessBase"]
[SourceDate "2021.10.06"]
[SourceVersion "1"]
[SourceVersionDate "2021.10.06"]
[SourceQuality "1"]

1. e4 g6 2. d4 Bg7 3. Nc3 d6 4. f4 a6 5. a4 Nf6 6. Nf3 c5 7. d5 0-0 8. Bc4 e6 9. dxe6 fxe6 10. Bxe6+ Bxe6 11. e5 Ne8 12. exd6 Nxd6 13. 0-0 Nc6 14. Qe2 Nf5 15. Qxe6+ Kh8 16. Ng5 Ncd4 17. Qd5 Nxc2 18. Qxd8 Raxd8 19. Rb1 Nfd4 20. b3 Rde8 21. Nge4 b6 22. Bd2 a5 23. g4 Re7 24. Ng3 Ne3 25. Bxe3 Rxe3 26. Nd5 Rxb3 27. Rxb3 Nxb3 28. Nxb6 Rb8 29. Nd5 Rd8 30. Nb6 Nd2 31. Rc1 c4 32. Ne2 c3 33. Kg2 Nb3 34. Rxc3 Bxc3 35. Nxc3 Rd2+ 36. Kg1 Nd4 37. h3 Kg7 38. Ne4 Ra2 39. Kf1 h5 40. gxh5 gxh5 41. Ng3 h4 42. Ne4 Kg6 0-1

[Event "Mendrisio op 25th"]
[Site "Mendrisio"]
[Date "2021.09.11"]
[Round "2"]
[White "Rohrer, Christophe"]
[Black "Paleologu, Vladimir"]
[Result "1-0"]
[WhiteElo "2230"]
[BlackElo "2035"]
[PlyCount "59"]
[EventDate "2021.09.10"]
[EventType "swiss"]
[EventRounds "5"]
[EventCountry "SUI"]
[SourceTitle "EXT 2022"]
[Source "ChessBase"]
[SourceDate "2021.10.06"]
[SourceVersion "1"]
[SourceVersionDate "2021.10.06"]
[SourceQuality "1"]

1. e4 e5 2. Nf3 d6 3. d4 Nd7 4. Bc4 c6 5. dxe5 dxe5 6. Ng5 Nh6 7. 0-0 Qc7 8. a4 Nb6 9. Bb3 Bg4 10. Qd3 Qd6 11. Qxd6 Bxd6 12. Be3 Ke7 13. f3 Bc8 14. Nd2 f6 15. a5 Nd7 16. Ne6 Rg8 17. Bxh6 gxh6 18. Nc7 Rxg2+ 19. Kxg2 Bxc7 20. Bg8 Nf8 21. Nc4 Be6 22. Bxe6 Nxe6 23. Ne3 Nf4+ 24. Kh1 h5 25. Rg1 Kf7 26. Nf5 Ng6 27. a6 bxa6 28. Rxa6 Bb6 29. Rd1 Rg8 30. Nh6+ 1-0

[Event "Cappelle Online Rapid op"]
[Site "Europe Echecs INT"]
[Date "2021.03.06"]
[Round "3"]
[White "Rohrer, Christophe"]
[Black "Hauchard, Arnaud"]
[Result "0-1"]
[WhiteElo "2230"]
[BlackElo "2515"]
[PlyCount "120"]
[EventDate "2021.03.06"]
[EventType "swiss (rapid)"]
[EventRounds "9"]
[EventCountry "FRA"]
[SourceTitle "CBM 201 Extra"]
[Source "ChessBase"]
[SourceDate "2021.05.31"]
[SourceVersion "1"]
[SourceVersionDate "2021.05.31"]
[SourceQuality "1"]

1. e4 d5 2. exd5 Qxd5 3. Nc3 Qd6 4. d4 Nf6 5. Nf3 a6 6. g3 Bg4 7. Bg2 Nc6 8. Be3 0-0-0 9. 0-0 e5 10. dxe5 Nxe5 11. Qxd6 Bxd6 12. Nd2 Rhe8 13. h3 Bf5 14. Rac1 Bb4 15. g4 Bg6 16. Ncb1 Nd5 17. Bd4 Nf4 18. Be3 Ne2+ 19. Kh1 Nxc1 20. Rxc1 f5 21. gxf5 Bxf5 22. a3 Bd6 23. Nc3 Ng6 24. Nc4 Bf4 25. b4 Bxe3 26. Nxe3 Be6 27. Ne4 Nf4 28. Nc5 Nxg2 29. Kxg2 Bd5+ 30. Kg1 Bc6 31. c4 Rd2 32. a4 b6 33. Nb3 Rb2 34. Nd4 Bxa4 35. c5 Rxb4 36. Ndf5 g6 37. Ng3 Rd4 38. cxb6 Re7 39. Ne2 Rd2 40. Nc3 Bc6 41. Nb1 Rd6 42. Nc4 Rde6 43. Ne3 cxb6 44. Nd2 Kb7 45. Ndc4 b5 46. Na5+ Kb6 47. Nb3 a5 48. Nd4 Rd6 49. Nxc6 Rxc6 50. Nd5+ Kb7 51. Rxc6 Kxc6 52. Nxe7+ Kc5 53. Ng8 a4 54. Nf6 a3 55. Ne4+ Kd4 56. Nd2 b4 57. f4 Kc3 58. Ne4+ Kc2 59. Nc5 b3 60. h4 b2 0-1

[Event "Cappelle Online Rapid op"]
[Site "Europe Echecs INT"]
[Date "2021.03.06"]
[Round "9"]
[White "Rohrer, Christophe"]
[Black "Zienkiewicz, Jan"]
[Result "1-0"]
[WhiteElo "2230"]
[BlackElo "1882"]
[PlyCount "135"]
[EventDate "2021.03.06"]
[EventType "swiss (rapid)"]
[EventRounds "9"]
[EventCountry "FRA"]
[SourceTitle "CBM 201 Extra"]
[Source "ChessBase"]
[SourceDate "2021.05.31"]
[SourceVersion "1"]
[SourceVersionDate "2021.05.31"]
[SourceQuality "1"]

1. e4 c5 2. Nf3 Nc6 3. Bb5 d6 4. 0-0 e5 5. c3 Nf6 6. Re1 Bg4 7. h3 Bh5 8. d3 Be7 9. Nbd2 0-0 10. Nf1 Qc7 11. Ng3 Bg6 12. Qe2 Rad8 13. Ba4 a6 14. Bb3 Na5 15. Bc2 b5 16. Bd2 Nc6 17. Rad1 Nd7 18. h4 h6 19. h5 Bh7 20. Nh2 Nb6 21. Qg4 Kh8 22. Nf5 Bxf5 23. Qxf5 Qd7 24. Qxd7 Rxd7 25. g4 c4 26. Be3 cxd3 27. Bxd3 Na4 28. Rd2 Nc5 29. Bc2 Rfd8 30. Red1 Ne6 31. Nf1 Bg5 32. Bxg5 Nxg5 33. Kg2 Ne6 34. Ne3 Nf4+ 35. Kf3 Ne7 36. Bb3 Nh3 37. Kg3 Ng5 38. f3 Ne6 39. Bd5 Kg8 40. Bb3 Nf4 41. a4 Kf8 42. axb5 axb5 43. Bd5 Rb8 44. b4 Rc8 45. c4 Nfxd5 46. cxd5 Rc3 47. Ra2 Nc8 48. Nf5 g6 49. Nxh6 Kg7 50. g5 Rdc7 51. Rh2 R7c4 52. Kg4 f5+ 53. gxf6+ Kxh6 54. f7 Kg7 55. hxg6 Rc7 56. Rh7+ Kxg6 57. f8Q Rxh7 58. Qf5+ Kg7 59. Kg5 Kg8 60. Qe6+ Kf8 61. Kg6 Rg7+ 62. Kh6 Ne7 63. Kh5 Rxf3 64. Ra1 Rgg3 65. Ra8+ Kg7 66. Qxe7+ Rf7 67. Qe6 Rg1 68. Qh6# 1-0

[Event "Ville d'Orsay online Blitz"]
[Site "Europe Echecs INT"]
[Date "2021.02.07"]
[Round "3"]
[White "Rohrer, Christophe"]
[Black "Alberola, Raphael"]
[Result "1-0"]
[WhiteElo "2230"]
[BlackElo "1664"]
[PlyCount "141"]
[EventDate "2021.02.07"]
[EventType "swiss (blitz)"]
[EventRounds "11"]
[EventCountry "FRA"]
[SourceTitle "CBM 200 Extra"]
[Source "ChessBase"]
[SourceDate "2021.03.31"]
[SourceVersion "1"]
[SourceVersionDate "2021.03.31"]
[SourceQuality "1"]

1. e4 d5 2. exd5 Qxd5 3. Nc3 Qa5 4. d4 Nf6 5. Nf3 Nc6 6. h3 h6 7. Bc4 Bf5 8. Be3 Qb4 9. Bb3 0-0-0 10. a3 Qa5 11. Qe2 e5 12. dxe5 Nxe5 13. 0-0 Nc6 14. Bxf7 Bd7 15. Bg6 Ne5 16. b4 Nxf3+ 17. Qxf3 Qe5 18. Bf4 Qd4 19. Rad1 Qb6 20. Be3 Qa6 21. Bd3 Qxa3 22. Nb5 Bxb5 23. Bxb5 Bd6 24. Rb1 Qc3 25. Bd3 Qe5 26. g3 g5 27. Qf5+ Qxf5 28. Bxf5+ Kb8 29. c4 Rhf8 30. Bc2 Be5 31. Kg2 g4 32. h4 h5 33. Rb3 Rfe8 34. Rfb1 b6 35. c5 Bd4 36. Bxd4 Rxd4 37. cxb6 cxb6 38. Bg6 Re2 39. R3b2 Rdd2 40. Rxd2 Rxd2 41. Kf1 Nd5 42. Ke1 Ra2 43. Bxh5 Nc3 44. Rb3 Ne2 45. Bxg4 Nd4 46. Rd3 Nc2+ 47. Kf1 Nxb4 48. Rd8+ Kc7 49. Rd7+ Kc6 50. h5 Ra1+ 51. Kg2 Nd5 52. Rf7 Re1 53. h6 Re8 54. h7 Rh8 55. Bf3 Kd6 56. Bxd5 Kxd5 57. Rxa7 b5 58. g4 b4 59. g5 Ke5 60. Kg3 Kf5 61. f4 b3 62. Rb7 b2 63. Rxb2 Rxh7 64. Rb5+ Kg6 65. Kg4 Rc7 66. f5+ Kg7 67. Kh5 Rc1 68. Rb7+ Kg8 69. Kg6 Rc6+ 70. f6 Rc5 71. Rb8+ 1-0

[Event "Biel HTO 53rd"]
[Site "Biel"]
[Date "2020.07.24"]
[Round "5"]
[White "Bauer, Christian"]
[Black "Rohrer, Christophe"]
[Result "1-0"]
[WhiteElo "2623"]
[BlackElo "2235"]
[PlyCount "161"]
[EventDate "2020.07.20"]
[EventType "swiss"]
[EventRounds "9"]
[EventCountry "SUI"]
[SourceTitle "CBM 197"]
[Source "ChessBase"]
[SourceDate "2020.07.27"]
[SourceVersion "1"]
[SourceVersionDate "2020.07.27"]
[SourceQuality "1"]

1. Nf3 Nf6 2. c4 e6 3. g3 d5 4. Bg2 Be7 5. 0-0 0-0 6. d4 dxc4 7. Qc2 a6 8. Qxc4 b5 9. Qc2 Bb7 10. Bd2 Be4 11. Qc1 Bb7 12. a3 Qc8 13. b4 Nbd7 14. Nc3 Nb6 15. Bg5 Nbd5 16. Nxd5 Bxd5 17. Ne5 Bxg2 18. Kxg2 Nd5 19. Bxe7 Nxe7 20. Qc5 Qb7+ 21. Kg1 Nf5 22. Qc6 Qb6 23. e3 f6 24. Qxb6 cxb6 25. Nd3 Rfc8 26. a4 Nd6 27. a5 bxa5 28. Rxa5 Nc4 29. Ra2 a5 30. bxa5 Rxa5 31. Rxa5 Nxa5 32. Rb1 Rb8 33. Nb4 Nc4 34. Ra1 Rb6 35. Ra7 Nd2 36. Kg2 Ne4 37. g4 Nc3 38. Rd7 Rb8 39. Kf3 Rc8 40. Re7 Rc4 41. Nd3 Rc6 42. Rb7 g5 43. Nb4 Rd6 44. Rc7 Nd5 45. Nxd5 Rxd5 46. Re7 Rd6 47. Rb7 Rd5 48. Ke2 b4 49. Rxb4 Kf7 50. Rb7+ Kg6 51. Kd3 f5 52. Re7 Kf6 53. Rxh7 fxg4 54. e4 Ra5 55. e5+ Kg6 56. Re7 Ra6 57. Ke4 Rb6 58. f3 gxf3 59. Kxf3 Kh5 60. Rh7+ Kg6 61. Rd7 Rb2 62. Re7 Rb6 63. Kg4 Ra6 64. h3 Rb6 65. Re8 Kf7 66. Rd8 Rb3 67. Rh8 Kg6 68. Rf8 Rd3 69. Rf6+ Kg7 70. Rxe6 Rxd4+ 71. Kxg5 Kf7 72. Rf6+ Ke7 73. h4 Re4 74. Rf5 Ke6 75. h5 Re1 76. Kg6 Rh1 77. Rg5 Ke7 78. h6 Kf8 79. h7 Rh2 80. Rf5+ Ke7 81. Rh5 1-0

[Event "Biel HTO 53rd"]
[Site "Biel"]
[Date "2020.07.20"]
[Round "1"]
[White "Norden, Marc"]
[Black "Rohrer, Christophe"]
[Result "0-1"]
[WhiteElo "1690"]
[BlackElo "2235"]
[PlyCount "60"]
[EventDate "2020.07.20"]
[EventType "swiss"]
[EventRounds "9"]
[EventCountry "SUI"]
[SourceTitle "CBM 197"]
[Source "ChessBase"]
[SourceDate "2020.07.27"]
[SourceVersion "1"]
[SourceVersionDate "2020.07.27"]
[SourceQuality "1"]

1. d4 Nf6 2. Nf3 d5 3. c4 e6 4. Nc3 Bb4 5. Bg5 Nbd7 6. Rc1 c6 7. cxd5 exd5 8. Qc2 h6 9. Bxf6 Nxf6 10. e3 0-0 11. Bd3 Re8 12. a3 Bd6 13. h3 Qe7 14. Bf5 Ne4 15. Bxc8 Raxc8 16. 0-0 f5 17. Ne2 g5 18. Rfe1 Qf6 19. Nh2 Bxh2+ 20. Kxh2 Nxf2 21. Ng3 Ne4 22. Nxe4 Rxe4 23. Qb3 Rc7 24. Rc3 Rg7 25. Rf1 g4 26. hxg4 Rexg4 27. Rf2 Qg6 28. Rcc2 Qh5+ 29. Kg1 Rh4 30. Rf3 Qxf3 0-1

[Event "Zuerich Kupper Memorial"]
[Site "Zuerich"]
[Date "2019.08.16"]
[Round "4"]
[White "Rohrer, Christophe"]
[Black "Pavlovic, Milos"]
[Result "0-1"]
[WhiteElo "2208"]
[BlackElo "2502"]
[PlyCount "126"]
[EventDate "2019.08.14"]
[EventType "swiss"]
[EventRounds "7"]
[EventCountry "SUI"]
[SourceTitle "CBM 191 Extra"]
[Source "ChessBase"]
[SourceDate "2019.09.30"]
[SourceVersion "1"]
[SourceVersionDate "2019.09.30"]
[SourceQuality "1"]

1. e4 c5 2. Nf3 e6 3. c4 a6 4. Nc3 b6 5. Be2 Bb7 6. 0-0 Qc7 7. d4 cxd4 8. Nxd4 Nf6 9. Bd3 Bc5 10. Nb3 Be7 11. Qe2 d6 12. f4 Nc6 13. a3 0-0 14. Be3 Nd7 15. Nd4 Nc5 16. Bc2 Bf6 17. Qf2 Nxd4 18. Bxd4 Bxd4 19. Qxd4 e5 20. Qf2 exf4 21. Nd5 Bxd5 22. exd5 Rae8 23. Rae1 Re5 24. Qxf4 Nd7 25. Kh1 Rxe1 26. Rxe1 Ne5 27. b3 b5 28. Rc1 bxc4 29. bxc4 Qc5 30. Qh4 g6 31. Qe1 Rb8 32. Qc3 Rc8 33. Bb3 Qxa3 34. Qc2 Rb8 35. Rb1 a5 36. h3 a4 37. Ba2 Rxb1+ 38. Qxb1 Nd3 39. c5 Nxc5 40. Qb8+ Kg7 41. Qxd6 Qe3 42. Qc7 Ne4 43. Qe5+ Kh6 44. Kh2 f6 45. Qb8 Kg5 46. Bb1 Nd2 47. d6 Nf1+ 48. Kh1 Ng3+ 49. Kh2 Ne2 50. h4+ Kh5 51. d7 Qg1+ 52. Kh3 Qh1+ 53. Qh2 Nf4+ 54. Kg3 Qxh2+ 55. Kxh2 Ne6 56. Ba2 Nd8 57. Kg3 Kh6 58. Kf4 Kg7 59. g4 Kf8 60. h5 Ke7 61. hxg6 hxg6 62. g5 f5 63. Ke5 Nc6+ 0-1

[Event "Wch U16"]
[Site "Porto Carras"]
[Date "2015.10.25"]
[Round "1"]
[White "Rohrer, Christophe"]
[Black "Rambaldi, Francesco"]
[Result "0-1"]
[WhiteElo "2136"]
[BlackElo "2547"]
[PlyCount "88"]
[EventDate "2015.10.25"]
[EventType "tourn"]
[EventRounds "11"]
[EventCountry "GRE"]
[SourceTitle "CBM 169 Extra"]
[Source "ChessBase"]
[SourceDate "2015.12.18"]
[SourceVersion "1"]
[SourceVersionDate "2015.12.18"]
[SourceQuality "1"]

1. e4 g6 2. d4 Bg7 3. Nc3 d6 4. f4 Nf6 5. Nf3 0-0 6. Bd3 Nc6 7. 0-0 Bg4 8. Be3 e5 9. fxe5 dxe5 10. dxe5 Nxe5 11. Be2 Qe7 12. Nxe5 Bxe2 13. Qxe2 Qxe5 14. Bf4 Qc5+ 15. Qf2 Qb4 16. e5 Ng4 17. Qg3 Nxe5 18. Rae1 Nc4 19. Ne4 Qxb2 20. Qh4 Nd6 21. Bxd6 cxd6 22. Nf6+ Bxf6 23. Rxf6 Rae8 24. Ref1 Qxc2 25. Qg3 Qxa2 26. h4 Qe2 27. Kh1 Re4 28. Qh3 Qg4 29. Qb3 Qxh4+ 30. Kg1 Rb4 31. Qf3 Qd4+ 32. Kh1 Qe4 33. Qa3 Qh4+ 34. Kg1 Qd4+ 35. Kh1 Rb5 36. g3 Rh5+ 37. Kg2 Qd5+ 38. R1f3 a5 39. Rxd6 Qe4 40. Rdf6 Rd5 41. Qc3 Qe5 42. Qc2 Rfd8 43. Rf2 Qxf6 44. Rxf6 Rd2+ 0-1